000 00488nam a2200157 i 4500
001 91173
003 ES-MaACL
005 20230906180647.0
007 t|
008 050127s1907 fr ||||1| fre d
100 1 _aLeroy, Maxime.
_971804
245 1 4 _aLes transformations de la Puissance publique
_b: les syndicats de fonctionnaires /
_cpar Maxime Leroy.
260 _aParis :
_b[s.n.,
_c1907] (
_eBuzançais :
_fF. Deverdum)
300 _a286 p. ;
_c23 cm.
852 _aES-MaACL
_jB-12244
999 _c91173
_d91173